Odpowiedź zaczyna się na literę R - Statystyki

Ogólne statystyki
  • Ten quiz został rozwiązany 65 razy
  • Średni wynik to 8 z 15
Statystyki odpowiedzi
Pytanie Państwo % Poprawnych
Jak się nazywa kultowy pies z serialu animowanego o tej samej nazwie stworzonego przez Studio Filmów Rysunkowych? Reksio
98%
Dyktatorem którego państwa był Nicolae Ceaușescu? Rumunia
93%
Jak się nazywa płaz podobny do żaby? Ropucha
89%
Jakie miasto jest stolicą województwa podkarpackiego? Rzeszów
82%
Jak się nazywa pieczywo o wyglądzie podobnym do rogów krowy? Rogal
76%
Jak się nazywa postać z angielskich średniowiecznych legend znana z "kradnięcia bogatym i dawania biednym"? Robin Hood
75%
Kto był założycielem Rzymu? Romulus
64%
Jak się nazywa państwo ze stolicą w Kigali? Rwanda
62%
Jakie państwo jako jedyne ma 3 stolice? Republika Południowej Afryki
47%
Jak się nazywa roślina należąca do rodziny rdestowatych wykorzystywana głównie w cukiernictwie? Rabarbar
36%
Jak się nazywa amerykański dramat sportowy z 1974 roku który doczekał się jeszcze 5 kolejnych części? Rocky
33%
Jakim mianem określa się podział Polski między Rosję, Prusy i Austrię? Rozbiór Polski
33%
Jakim mianem określa się stan układu mechanicznego, w którym wszystkie jego punkty pozostają w spoczynku względem wybranego układu odniesienia? Równowaga
11%
Jak się nazywa reakcja jądrowa w której powstające neutrony powodują kolejne rozpady Reakcja łańcuchowa
9%
Jak się nazywa proces w którym dochodzi do przekształcenia substancji w nowe? Reakcja chemiczna
4%
Nie znaleziono quizów pasujących do podanych kryteriów
Rozkład punktacji
Procent ludzi z każdym wynikiem
Percentyl według liczby udzielonych odpowiedzi
Twoja historia wyników
Nie rozwiązałeś tego quizu